10 größte Städte Schweden - Statistiken

Allgemein
  • Dieses Quiz wurde 55 mal gespielt
  • Das Durchschnittsergebnis liegt bei 6 aus 10
Antwortstatistiken
Einwohner Antwort % Korrekt
996.000 Stockholm
100%
609.000 Göteborg
94%
366.000 Malmö
94%
248.000 Uppsala
78%
152.000 Helsingborg
52%
145.000 Norrköping
46%
168.000 Linköping
44%
148.000 Jönköping
40%
161.000 Västerås
36%
160.000 Örebro
34%
Keine übereinstimmenden Quizze gefunden
Verteilung der Resultate
Anzahl Personen mit jedem Resultat
Perzentil nach korrekt beantworteten Fragen
Ihre Resultats-Entwicklung
Sie haben dieses Quiz noch nicht gespielt